Регионална библиотека "Любен Каравелов" - Русе

Ние с мама (Запис номер 398457)

MARC детайли
000 -Лидер
Контролно поле с фиксирана дължина nam a22 a 4500
003 - Код на организацията, давaща контролен номер
Контролно поле BLK
005 - Дата и час на последна редакция
Контролно поле 20220630091125.0
008 - Елементи от данни с фиксирана дължина
fixed length control field 210215b bu |||||r|||| 00| | bu d
020 ## - Международен стандартен номер на книга ISBN
Международен стандартен номер на книга ISBN 9786192301415
040 ## - Източник на каталожния запис
Идентификатор на билиотеката - собственик на записа BLK
041 ## - Код за език
Код за езика на текст/звукозапис или на отделно заглавие Български
Код за езика КДБФ Български
080 ## - УДК
Текстов определител УДК Хранене на децата (бебета и малки деца) - Кърмене, отбиване, изкуствено хранене, млечен режим. Вж и 613. 28/. 29
УДК код - определител по УДК 613.22
УДК - код + определител 613.22
080 ## - УДК
Текстов определител УДК Детска храна. Храна за кърмачета
УДК код - определител по УДК 641.562
УДК - код + определител 641.562
100 ## - Редна дума - Автор
R(LIN) 1299
Автор Генчева, Надежда
Авторска отговорност първи автор
139 ## - Редно поле
Редна дума Генчева, Надежда
Авторски знак Генч - Г 33
245 ## - Сведения за заглавието
Заглавие Ние с мама
Подзаглавни данни Над 150 рецепти за деца от 6 до 24 месеца
Редно поле (дума) Надежда Генчева.
257 ## - Страна на издаване
Страна на създаване/издаване България
260 ## - Област на издателските данни
Място на издаване, разпространение и проч. София
Име на издателя, разпространителя и проч. БГкнига
Година на издаване 2020
Печатница Ропринт
300 ## - Физическа характеристика
Страници 136 с.
Размери/Мащаб 23 см.
380 ## - Жанр
Жанр Медицина
650 #7 - Допълнително описание по предмет – тема
9 (RLIN) 160064
Основно описание – тема или топоним Кърмачета - хранене - наръчници и ръководства
650 #7 - Допълнително описание по предмет – тема
9 (RLIN) 153133
Основно описание – тема или топоним Деца
653 #7 - Ключова дума – ненормативна
9 (RLIN) 200155
Ключова дума хранене
653 #7 - Ключова дума – ненормативна
9 (RLIN) 184884
Ключова дума деца
999 ## - СИСТЕМНИ КОНТРОЛНИ НОМЕРА
Koha biblionumber 398457
Koha biblioitemnumber 398457
942 ## - АРТИКУЛИ
Вид на библиотечния материал Книги
Скрит в OPAC Не
Периодичен библиозапис Да
Koha issues (borrowed), all copies 6
944 ## - СЪЗДАВАНЕ И РЕДАКЦИЯ на ЗАПИСА
Създаване/Редакция Създаване
Дата на регистрацията/редакция 2021-02-15
Служител, извършил регистрацията/редакцията Д.Д
999 ## - СИСТЕМНИ КОНТРОЛНИ НОМЕРА
Koha biblioitemnumber 398457
Наличности
Код за отписване Код за изгубен артикул Източник на класификационната схема Код за повреда Коз за рестрикции Код за отдаване Артикулен № Име на библиотеката - собственик Име на библиотеката, в която се намира в момента Статус (Текущо местоположение) Дата на вписване в системата Местоположение - отдел Цена в лева Систематично азбучна сигнатура Баркод Цена в евро Служебен тип на артикула
  Не е изгубен Universal Decimal Classification Не е повреден без рестрикции заемане за дома 812550 Регионална библиотека "Любен Каравелов" Русе Регионална библиотека "Любен Каравелов" Русе Заемна - подръчен фонд 2021-02-17 Заемна - подръчен фонд 11.25 613.2/Г 33 Н 120000850767 5.75 Книги
  Не е изгубен Universal Decimal Classification Не е повреден без рестрикции заемане за дома 812551 Регионална библиотека "Любен Каравелов" Русе Регионална библиотека "Любен Каравелов" Русе Заемна - подръчен фонд 2021-02-17 Заемна - подръчен фонд 11.25 613.2/Г 33 Н 120000850766 5.75 Книги
  Не е изгубен Universal Decimal Classification Не е повреден само за читалня ползва се в читалня 858410 Регионална библиотека "Любен Каравелов" Русе Регионална библиотека "Любен Каравелов" Русе Хранилище 2021-10-22 Хранилище 15.00 Цб 309551 120000860997 7.67 Книги
Vip Innovations Ltd, Rousse, Bulgaria 2025